Nommez une sous-préfecture valide (1) - Statistiques

Statistiques générales
  • Ce quiz a été pris 45 fois
  • Le résultat moyen est 8 sur 12
Statistiques - réponses
Critère # Sous-préfecture % Correct
Au nord de Lille 4 Boulogne-sur-Mer / Calais / Dunkerque / Saint-Omer
97%
Commençant par un D en 3 lettres 2 Dax / Die
89%
En Auvergne 10 Ambert / Brioude / Issoire / Mauriac / Montluçon / Riom / Saint-Flour / Thiers / Vichy /Yssingeaux
86%
Avec une cathédrale 21 Aix-en-Provence / Autun / Bayeux / Bayonne / Belley / Cambrai / Coutances / Dax / Langres / Meaux / Pamiers / Reims / Saint-Claude / Saint-Denis / Saint-Dié-des-Vosges / Saint-Flour / Saint-Jean-de-Maurienne / Saintes / Sens / Soissons / Verdun
81%
Ville la plus peuplée de son département 20 Argenteuil / Boulogne-Billancourt / Brest / Brive-la-Gaillarde / Calais / Chalon-sur-Saône / Cherbourg-en-Cotentin / Dole / Le Havre / Lorient / Meaux / Montluçon / Mulhouse / Narbonne / Pamiers / Reims / Saint-Denis / Saint-Dizier / Saint-Quentin / Verdun
81%
Dans un département frontalier du Luxembourg 7 Forbach / Lunéville / Sarreguemines / Sarrebourg / Thionville / Toul / Val-de-Briey
76%
Commençant par Mont- 8 Montargis / Montbard / Montbéliard / Montbrison / Montdidier / Montluçon / Montmorillon / Montreuil-sur-Mer
70%
Sur la mer Méditerranée 3 Arles / Calvi / Narbonne
65%
A moins de 20 km de la mer, mais pas sur le littoral 10 Avranches / Bayeux / Bayonne / Béziers / Coutances / Châteaulin / Dinan / Grasse / Lannion / Rochefort
65%
Seul sous-préfecture de son département 11 Aubusson / Briançon / Castelsarrasin / Castres / Dax / Florac / Grasse / Lure / Pointe-à-Pitre / Sartène / Villefranche-sur-Saône
51%
De moins de 2000 habitants 4 Castellane / Château-Chinon / Largentière / Montreuil-sur-Mer
30%
Avec des fortifications Vauban classées à l'UNESCO 1 Briançon
16%
Aucun quiz correspondant
Distribution des résultats
% des personnes avec chaque résultat
Percentile par nombre de réponses
Votre historique - résultats
Vous n’avez pas pris ce quiz